00897nam a22002537a 45000010005000000030006000050050017000110080041000280200018000690400029000870500013001160820012001291000023001412450070001642600051002343000049002854900029003345050008003635200155003715210029005265210020005556500032005757000036006075548FISKH20241217122939.0241217b cb ||||| |||| 00| 0 eng d a9781526611376 aFISKHbengcFISKHdFISKH aBL820.M6 a292.211 aGreenberg, Imogen  aAthena : bthe story of a goddess /cImogen and Isabel Greenberg  aLondon : bBloombury Children's Books ;c2018. a62 pages : bcolor illustrations ;c31 cm .  aTales of great goddesses aS  aA fun, feminist take on the myth of Athena follows the adventures of the goddess of wisdom, war, and courage as she helps both gods and mortals alike.8 a800 bLexile estimate 8 aS bRaz-Plus  agods-goddessesvNon-fiction aGreenberg, Isabeleillustrator